000
00391nam a22001577a 4500
003
MPLRDC
005
20220104142719.0
008
210129b ||||| |||| 00| 0 eng d
082
_a
945.32 HY c.3
100
_a
黄尧
245
_a
黄尧追悼会暨回顾展
_c
260
_a
_b
东方资料研究中心
_c
300
_b
平
650
_a
中国画册--题识
942
_c
BK
_o
945.32 HY c.3
999
_c
33118
_d
33108